<?xml version="1.0" encoding="UTF-8"?>
<record
    xmlns:xsi="http://www.w3.org/2001/XMLSchema-instance"
    xsi:schemaLocation="http://www.loc.gov/MARC21/slim http://www.loc.gov/standards/marcxml/schema/MARC21slim.xsd"
    xmlns="http://www.loc.gov/MARC21/slim">

  <leader>01811nam a22003377a 4500</leader>
  <controlfield tag="003">CSPC</controlfield>
  <controlfield tag="005">20260128110825.0</controlfield>
  <controlfield tag="008">260128c2022    ph  r p  i    00  0 eng d</controlfield>
  <datafield tag="022" ind1=" " ind2=" ">
    <subfield code="a">1908-417X</subfield>
  </datafield>
  <datafield tag="040" ind1=" " ind2=" ">
    <subfield code="a">CSPC</subfield>
    <subfield code="b">eng</subfield>
    <subfield code="c">CSPC</subfield>
    <subfield code="e">rda</subfield>
  </datafield>
  <datafield tag="245" ind1="0" ind2="0">
    <subfield code="a">Universidad de sta. isabel research journal.</subfield>
  </datafield>
  <datafield tag="246" ind1="1" ind2="0">
    <subfield code="b">USI research journal.</subfield>
  </datafield>
  <datafield tag="264" ind1=" " ind2="1">
    <subfield code="a">Naga Inc., : </subfield>
    <subfield code="b">Research and International Linkages Office, </subfield>
    <subfield code="c">2022.</subfield>
  </datafield>
  <datafield tag="300" ind1=" " ind2=" ">
    <subfield code="a">volumes :</subfield>
    <subfield code="b">illustrations ; </subfield>
    <subfield code="c">23 cm.</subfield>
  </datafield>
  <datafield tag="336" ind1=" " ind2=" ">
    <subfield code="2">rdacontent</subfield>
    <subfield code="a">text</subfield>
  </datafield>
  <datafield tag="337" ind1=" " ind2=" ">
    <subfield code="2">rdamedia</subfield>
    <subfield code="a">unmediated </subfield>
  </datafield>
  <datafield tag="338" ind1=" " ind2=" ">
    <subfield code="2">rdacarrier</subfield>
    <subfield code="a">volumes</subfield>
  </datafield>
  <datafield tag="504" ind1=" " ind2=" ">
    <subfield code="a">Includes bibliographical references</subfield>
  </datafield>
  <datafield tag="505" ind1=" " ind2=" ">
    <subfield code="a">Quality and efficiency of centralized blood transfusion service delivery -- Assessment of the usi buhai kalusugan: 5-year community development health and nutrition program in bonot-sta.rosa, calabanga, camarines sur, philippines -- A phenomenological study on out-of-field teaching experiences of non-history majors in the higher education department -- Lived experiences of over-aged completers in open high school program -- Effects of mobile application on student learning -- Exploration of the social work big sister program -- Parental understanding and involvement and their children's learning achievement.  </subfield>
  </datafield>
  <datafield tag="521" ind1=" " ind2=" ">
    <subfield code="a">College of Health and Sciences CHS </subfield>
  </datafield>
  <datafield tag="650" ind1=" " ind2="1">
    <subfield code="a">Research</subfield>
    <subfield code="v">Periodicals.</subfield>
  </datafield>
  <datafield tag="650" ind1=" " ind2="1">
    <subfield code="a">Universities and colleges</subfield>
  </datafield>
  <datafield tag="650" ind1=" " ind2="1">
    <subfield code="a">Academic journals</subfield>
  </datafield>
  <datafield tag="700" ind1=" " ind2="1">
    <subfield code="a">Acu&#xF1;a, Irene E., </subfield>
    <subfield code="e">editors.</subfield>
  </datafield>
  <datafield tag="700" ind1=" " ind2="1">
    <subfield code="a">Esparar, Junry M., </subfield>
    <subfield code="e">editors.</subfield>
  </datafield>
  <datafield tag="700" ind1=" " ind2="1">
    <subfield code="a">Guiuan, Girlie F., </subfield>
    <subfield code="e">editors.</subfield>
  </datafield>
  <datafield tag="700" ind1=" " ind2="1">
    <subfield code="a">Palmiano, Dariel A., </subfield>
    <subfield code="e">editors.</subfield>
  </datafield>
  <datafield tag="700" ind1=" " ind2="1">
    <subfield code="a">San Miguel, Nilda V., </subfield>
    <subfield code="e">editors.</subfield>
  </datafield>
  <datafield tag="942" ind1=" " ind2=" ">
    <subfield code="2">ddc</subfield>
    <subfield code="n">0</subfield>
    <subfield code="c">SERIALS</subfield>
    <subfield code="i">Un385</subfield>
    <subfield code="k">SER</subfield>
    <subfield code="m">2022</subfield>
  </datafield>
  <datafield tag="952" ind1=" " ind2=" ">
    <subfield code="0">0</subfield>
    <subfield code="1">0</subfield>
    <subfield code="2">ddc</subfield>
    <subfield code="4">0</subfield>
    <subfield code="7">1</subfield>
    <subfield code="a">CSPC</subfield>
    <subfield code="b">CSPC</subfield>
    <subfield code="c">SER</subfield>
    <subfield code="d">2026-01-28</subfield>
    <subfield code="h">December 2022 Volume 18, Number 1</subfield>
    <subfield code="l">0</subfield>
    <subfield code="o">Ser NUR 45 v.18 n.1 2022</subfield>
    <subfield code="p">01535S</subfield>
    <subfield code="r">2026-01-28 11:05:25</subfield>
    <subfield code="t">1-2</subfield>
    <subfield code="w">2026-01-28</subfield>
    <subfield code="y">SERIALS</subfield>
    <subfield code="z">Journal </subfield>
  </datafield>
  <datafield tag="952" ind1=" " ind2=" ">
    <subfield code="0">0</subfield>
    <subfield code="1">0</subfield>
    <subfield code="2">ddc</subfield>
    <subfield code="4">0</subfield>
    <subfield code="7">1</subfield>
    <subfield code="a">CSPC</subfield>
    <subfield code="b">CSPC</subfield>
    <subfield code="c">SER</subfield>
    <subfield code="d">2026-01-28</subfield>
    <subfield code="h">December 2022 Volume 18, Number 1</subfield>
    <subfield code="l">0</subfield>
    <subfield code="o">Ser NUR 45 v.18 n.1 2022</subfield>
    <subfield code="p">01536S</subfield>
    <subfield code="r">2026-01-28 11:06:14</subfield>
    <subfield code="t">2-2</subfield>
    <subfield code="w">2026-01-28</subfield>
    <subfield code="y">SERIALS</subfield>
    <subfield code="z">Journal </subfield>
  </datafield>
  <datafield tag="999" ind1=" " ind2=" ">
    <subfield code="c">31623</subfield>
    <subfield code="d">31623</subfield>
  </datafield>
</record>
